Music Quiz

Random Music or Song Quiz
Score 0/15 Timer 15:00
0 Plays Today
Number Song % Correct
4Letterbomb
77.6%
5Basket Case
72.8%
12Horseshoes & Handgrenades
64.8%
13Blood, Sex & Booze
63.1%
10Kill the DJ
61.3%
8Hitchin' a Ride
60.3%
1Holiday
56.8%
3Worry Rock
46.7%
Number Song % Correct
11American Eulogy
33.1%
6On the Wagon
29.2%
2St. Jimmy
25.9%
14Fashion Victim
24.2%
15Christian's Inferno
24%
7Brutal Love
9.9%
9Missing You
5.5%
Remove Ads.
Support Sporcle.
Get the best of Sporcle when you Go Orange. This ad-free experience offers more features, more stats, and more fun while also helping to support Sporcle. Thank you for becoming a member.

You're not logged in!

Compare scores with friends on all Sporcle quizzes.
OR
Log In

Show Comments

Extras

Created Sep 23, 2013ReportNominate
Tags:Song Quiz, green

Top Quizzes Today


Score Distribution

Your Account Isn't Verified!

In order to create a playlist on Sporcle, you need to verify the email address you used during registration. Go to your Sporcle Settings to finish the process.

Report this User

Report this user for behavior that violates our Community Guidelines.

Details: